| 000 | 00000nam 22000008a 4500 |
| 001 | 9.839702 |
| 003 | CaOODSP |
| 005 | 20221107151650 |
| 007 | cr ||||||||||| |
| 008 | 170714s2015 onca |o f000 0 eng d |
| 040 | |aCaOODSP|beng |
| 043 | |an-cn--- |
| 086 | 1 |aFB4-17/2015E-PDF |
| 245 | 00|aFramework for conducting monetary policy at low interest rates |h[electronic resource]. |
| 260 | |a[Ottawa] : |bBank of Canada, |c2015. |
| 300 | |a3 p. |
| 500 | |aCover title. |
| 500 | |a"December 2015." |
| 500 | |aIssued also in French under title: Cadre de conduite de la politique monétaire en contexte de bas taux d'intérêt. |
| 692 | 07|2gccst|aMonetary policy |
| 692 | 07|2gccst|aInterest rates |
| 710 | 2 |aBank of Canada. |
| 775 | 08|tCadre de conduite de la politique monétaire en contexte de bas taux d'intérêt |w(CaOODSP)9.839703 |
| 856 | 40|qPDF|s376 KB|uhttps://publications.gc.ca/collections/collection_2017/banque-bank-canada/FB4-17-2015-eng.pdf |